I'll Make A Man Out Of You Lyrics - Mulan - Statistics

General Stats
  • This quiz has been taken 989 times
  • The average score is 243 of 286
Answer Stats
Lyrics % Correct
a
99%
I
99%
man
99%
the
99%
to
99%
you
99%
you?
99%
make
98%
of
98%
out
98%
as
96%
for
96%
I'll
96%
me
96%
So
96%
Be
94%
be
94%
defeat
94%
down
93%
get
93%
Huns
93%
Let's
93%
when
93%
your
93%
they
92%
asked
91%
business
91%
daughters
91%
Did
91%
sons?
91%
You're
91%
you're
91%
send
90%
through
90%
ever
89%
go
88%
my
88%
moon
87%
dark
86%
side
86%
bunch
84%
fire
84%
he
83%
how
83%
How
83%
river
83%
We
83%
And
82%
and
82%
can
82%
met
82%
Mysterious
82%
saddest
81%
great
80%
raging
80%
With
80%
see
79%
But
78%
but
78%
must
78%
typhoon
78%
who
78%
all
77%
got
76%
Mister
76%
before
74%
could
74%
gym
74%
right
74%
strength
74%
coursing
73%
knew
73%
swift
73%
swim
73%
up
72%
we're
72%
clue
71%
doesn't
71%
Hope
71%
Somehow
71%
bet
70%
haven't
70%
home
70%
are
69%
forest
69%
wish
69%
fool
68%
on
68%
pack
68%
never
67%
Say
67%
war
67%
was
67%
win
67%
cutting
66%
force
66%
I'm
66%
is
66%
catch
65%
goodbye
65%
lot
65%
pathetic
65%
sure
65%
those
65%
every
64%
might
64%
rage
64%
survive
64%
Time
64%
us
64%
within
64%
breath
63%
gonna
62%
really
62%
arrive
61%
death
61%
order
61%
This
61%
find
59%
scared
59%
Tranquil
59%
toward
58%
Once
57%
Boy
56%
Now
56%
racing
56%
spineless
56%
center
55%
Heed
55%
pale
53%
unsuited
52%
guy's
51%
'till
51%
'em
46%
No matching quizzes found
Score Distribution
Percent of People with Each Score
Percentile by Number Answered
Your Score History
You have not taken this quiz